LEADER 03013cam2-22007331i-450- 001 990001679460403321 005 20080409161339.0 035 $a000167946 035 $aFED01000167946 035 $a(Aleph)000167946FED01 035 $a000167946 100 $a20030910g18831890km-y0itay50------ba 101 0 $afre 102 $aFR 105 $ay---f---001yy 200 1 $aApplications de chimie organique 210 $aParis$cDunod$d1883-1890 215 $av.$d24 cm 327 0 $a2.: Analyse chimique des végétaux / par le Dr G. Dragendorff ; traduit de l'allemand avec autorisation de l'auteur et annote par F. Schlagdenhauffen. - 1885$a4.: Industrie des produits ammoniacaux. - 1884$a6.2.: Matières colorantes. Série aromatique et ses applications industrielles / par M. Ch. Girard et M. Pabst. - 1883$a7.: Le sucre / par Paul Charpentier. - 1889$a13.: Teinture et apprêts des tissus de coton / par Léon Lefévre. - 1887$a83.: Le papier / par Paul Charpentier. - 1890$a90.: La conservation des substances alimentaires / par M. Urbain. - 1890$aContribution à l'étude de la chimie agricole / par M. Th. Schloesing. - 1885$aChimie agricole : nutrition de la plante... / P. P. Deherain. - 1885$aLes textiles / par Paul Charpentier. - 1890$aLe bois / par Paul Charpentier. - 1890 461 0$1001000010562$12001$aEncyclopédie chimique$v10 610 0 $aEnciclopedie scientifiche 610 0 $aChimica$aEnciclopedie 610 0 $aColoranti$aEnciclopedie e dizionari 610 0 $aChimica agraria$aEnciclopedie e dizionari 610 0 $aChimica$aEnciclopedie e dizionari 610 0 $aChimica organica$aEnciclopedie e dizionari 610 0 $aTessuti$aTintura$aEnciclopedie e dizionari 610 0 $aChimica$aEnciclopedie e dizionari 610 0 $aAmmoniaca$aEnciclopedie e dizionari 676 $a540.3 676 $a667.321 676 $a661.34 676 $a547 676 $a667.2 676 $a631.41 702 1$aSchloesing,$bJean Jacques Théophile$f<1824-1919> 702 1$aLefevre,$bLéon 702 1$aSchlagdenhauffen,$bFrederic Charles 702 1$aPabst,$bA. 702 1$aGirard,$bCharles$f<1837-1918> 702 1$aFrémy,$bEdmond 702 1$aDehérain,$bPierre-Paul 702 1$aRousseau,$bGustave 702 1$aForcrand,$bRobert : de 702 1$aParmentier,$bF. 702 1$aDuclaux,$bÉmile 702 1$aDragendorff,$bGeorg 702 1$aUrbain,$bVictor 702 1$aCharpentier,$bPaul 801 0$aIT$bUNINA$gRICA$2UNIMARC 901 $aBK 912 $a990001679460403321 952 $a13 AR 19 D 29$b4618$fFINBC 952 $a60 540 B 18/10$fFAGBC 952 $a60 MISC. B 196/3$fFAGBC 952 $a13 AR 19 D 30$b4619$fFINBC 952 $a13 AR 19 D 31$b4620$fFINBC 952 $a13 AR 19 D 32$b4621$fFINBC 952 $a13 AR 19 D 33$b4622$fFINBC 952 $a13 AR 19 D 34$b4623$fFINBC 959 $aFAGBC 959 $aFINBC 996 $aApplications de chimie organique$9370969 997 $aUNINA LEADER 01245nam a2200313 i 4500 001 991001182559707536 005 20020507184756.0 008 940823s1972 it ||| | ita 035 $ab10812210-39ule_inst 035 $aLE01308328$9ExL 040 $aDip.to Matematica$beng 082 0 $a001.539 084 $aAMS 94A15 084 $aAMS 94A17 100 1 $aKampè de Feriet, Joseph$0334767 245 10$aNote di teoria dell'informazione /$cJ. Kampè de Feriet ; redatte da G. Maschio 260 $aRoma :$bIst. Mat. Appl. Univ. Roma,$c1972 300 $a123 p. ;$c24 cm. 650 4$aEntropy 650 4$aInformation theory 650 4$aMeasure 907 $a.b10812210$b02-04-14$c28-06-02 912 $a991001182559707536 945 $aLE013 94A KAM11 C.3 (1972)$g3$i2013000006567$lle013$o-$pE0.00$q-$rl$s- $t0$u0$v0$w0$x0$y.i1091786x$z28-06-02 945 $aLE013 94A KAM11 C.2 (1972)$g2$i2013000050119$lle013$o-$pE0.00$q-$rl$s- $t0$u0$v0$w0$x0$y.i10917871$z28-06-02 945 $aLE013 94A KAM11 C.3 (1972)$g1$i2013000094793$lle013$o-$pE0.00$q-$rl$s- $t0$u0$v0$w0$x0$y.i10917883$z28-06-02 996 $aNote di teoria dell'informazione$9380836 997 $aUNISALENTO 998 $ale013$b01-01-94$cm$da $e-$fita$git $h0$i3